| 000 | 01240nam a2200349Ia 4500 | ||
|---|---|---|---|
| 001 | 058074 | ||
| 008 | 221003m2020 xx 000 0 spa d | ||
| 035 | _aCENDO_47767 | ||
| 041 | _aspa | ||
| 110 | 2 |
_aCCOO _bConfederación Sindical _927927 |
|
| 245 | 0 |
_a<La> epidemia de COVID-19 revela la debilidad de la prevención de riesgos laborales en España : _b[manifiesto del] 28 de Abril de 2020 : Día Internacional de la Salud y la Seguridad en el Trabajo / _cCCOO y UGT |
|
| 260 |
_a[Madrid] : _bCCOO, Confederación Sindical, _c2020 |
||
| 300 |
_a2 p. ; _c 30 cm |
||
| 500 | _a#28AbrilStopCOVID19 | ||
| 650 |
_aDIA MUNDIAL DE LA SEGURIDAD Y SALUD EN EL TRABAJO _939765 |
||
| 650 | 0 |
_aENFERMEDAD INFECCIOSA _98551 |
|
| 650 |
_aEPIDEMIA _913534 |
||
| 650 |
_aSEGURIDAD EN EL TRABAJO _9492 |
||
| 650 |
_aSALUD EN EL TRABAJO _9155 |
||
| 650 | 0 |
_aDERECHOS DE LOS TRABAJADORES _94 |
|
| 650 |
_aSINDICALISMO _9189 |
||
| 650 | 0 |
_aCOVID-19 _916125 |
|
| 710 | 2 |
_aUGT _bComisión Ejecutiva Confederal _95104 |
|
| 856 |
_zPDF _uhttp://docpublicos.ccoo.es/cendoc/058074Manifiesto28Abril.pdf |
||
| 901 | _a2 | ||
| 903 | _aNO | ||
| 904 | _a000 | ||
| 953 |
_d2020-04-21 _yDOCU_ELEC |
||
| 999 |
_c47766 _d47766 |
||
| 910 | _a2020 | ||
| 942 | _cDOCU_ELEC | ||